VIOLETTA SONGS - Statistics

General Stats
  • This quiz has been taken 1,867 times
  • The average score is 32 of 63
Answer Stats
SEASON Answer % Correct
1 En mi mundo
89%
1 Voy por ti
84%
1 Te creo
81%
1 Podemos
78%
1 Ser mejor
73%
1 Habla si puedes
72%
2 Hoy somos mas
72%
2 Yo soy asi
72%
2 On Beat
67%
3 Underneath it all
64%
1 Veo veo
64%
2 Codigo Amistad
63%
2 Como quieres
63%
1 Junto a ti
63%
1 Destinada a Brillar
62%
1 Juntos somos mas
61%
3 Supercreativa
61%
1 Ven y canta
61%
3 En Gira
60%
2 Nuestro Camino
60%
1 Are you ready for the ride
59%
2 Euforia
58%
2 Si es por amor
58%
3 Amor en el aire
55%
3 Descubri
55%
3 Crecimos Juntos
54%
1 Entre tu y yo
53%
2 Peligrosamente bellas
52%
3 Quiero
51%
1 Algo suena en mi
50%
3 Friends Till the End
50%
3 Llamame
50%
2 Algo se enciende
49%
2 Soy mi mejor momento
49%
1 Te esperare
49%
1 Tienes todo
49%
3 Aprendi a decir adios
48%
3 Abrazame y veras
47%
2 Entre dos mundo
47%
1 Dile que si
45%
2 Alcancemos las estrellas
44%
2 Luz Camara Accion
44%
3 A mi lado
43%
1 Tienes el talento
43%
1 Ahi estare
42%
3 Mi princesa
42%
1 Verte de lejos
42%
1 Cuando me voy
41%
3 Rescata mi corazon
41%
2 Esto no puede terminar
40%
3 Ser quien soy
40%
2 Ven con nosotros
40%
2 Te fazer feliz
39%
3 Mas que dos
38%
3 Encender nuestra luz
37%
3 Mil vidas atras
37%
3 Es mi pasion
34%
1 Tu foto de verano
34%
3 Solo pienso en ti
29%
3 Mas que una amistad
27%
# Ti credo
26%
# Nel mio mondo
24%
# Vieni canta
17%
No matching quizzes found
Score Distribution
Percent of People with Each Score
Percentile by Number Answered
Your Score History
You have not taken this quiz